| 000 | 00620nam a22001937a 4500 | ||
|---|---|---|---|
| 003 | NUST | ||
| 005 | 20250220113427.0 | ||
| 008 | 171004b xxu||||| |||| 00| 0 eng d | ||
| 040 | _cNUST | ||
| 082 | _a200 | ||
| 100 |
_aAlvi,Shahzad _95263 |
||
| 245 |
_aAnalyzing the impact of health and education on total factor productivity: A panel data approach/ _cShahzad Alvi, |
||
| 260 |
_aIslamabad; _c2013. _bS3H NUST; |
||
| 300 | _a43p | ||
| 600 |
_vMS- Economics _9127866 |
||
| 700 |
_aSupervisor: Dr. Ather Maqsood Ahmed _9127874 |
||
| 856 | _uhttp://10.250.8.41:8080/xmlui/handle/123456789/30296 | ||
| 942 |
_2ddc _cSC |
||
| 999 |
_c331592 _d331592 |
||